Southville International School and Colleges
Your cart is empty.
  • Cart
  • Lists
    Public lists Eva Luna New books Lux_list list_1
    Your lists Log in to create your own lists
  • Log in to your account
  • Your cookies
  • Search history
Southville International School and Colleges
  • Advanced search
  • Recent comments
  • Most popular
  • Libraries

Log in to your account

Log in with GOOGLE


If you do not have an external account, but do have a local account, you can still log in:

  1. Home
  2. MARC view: Black beauty /
Normal view MARC view ISBD view

Black beauty / (Record no. 7620)

[ view plain ]
MARC details
000 -LEADER
fixed length control field 00566nam a22002177a 4500
003 - CONTROL NUMBER IDENTIFIER
control field SISC
005 - DATE AND TIME OF LATEST TRANSACTION
control field 20160303100652.0
008 - FIXED-LENGTH DATA ELEMENTS--GENERAL INFORMATION
fixed length control field 130724t xxu||||| |||| 00| 0 eng d
020 ## - INTERNATIONAL STANDARD BOOK NUMBER
International Standard Book Number 1875481044
050 ## - LIBRARY OF CONGRESS CALL NUMBER
Classification number PZ 10.3
Item number .Se516 1993
082 ## - DEWEY DECIMAL CLASSIFICATION NUMBER
Classification number CLA
Item number Se8b 1993
100 ## - MAIN ENTRY--PERSONAL NAME
Personal name Sewell, Anna
9 (RLIN) 3322
245 ## - TITLE STATEMENT
Title Black beauty /
Statement of responsibility, etc Anna Sewell
260 ## - PUBLICATION, DISTRIBUTION, ETC. (IMPRINT)
Place of publication, distribution, etc Australia :
Name of publisher, distributor, etc Modern Pub. Grp,
Date of publication, distribution, etc c1993.
300 ## - PHYSICAL DESCRIPTION
Extent 166 p. :
Dimensions 18 cm.
562 ## - COPY AND VERSION IDENTIFICATION NOTE
Number of copies 1
650 ## - SUBJECT ADDED ENTRY--TOPICAL TERM
Topical term or geographic name as entry element Horses
General subdivision Fiction.
9 (RLIN) 3581
650 ## - SUBJECT ADDED ENTRY--TOPICAL TERM
Topical term or geographic name as entry element Animals
General subdivision Fiction.
9 (RLIN) 3582
942 ## - ADDED ENTRY ELEMENTS (KOHA)
Source of classification or shelving scheme Library of Congress Classification
Koha item type Books
Holdings
Withdrawn status Lost status Source of classification or shelving scheme Damaged status Home library Current library Shelving location Date acquired Total Checkouts Full call number Barcode Date last seen Copy number Price effective from Koha item type
    Library of Congress Classification   Luxembourg Library Luxembourg Library Classic Section 07/24/2013   PZ 10.3 .Se516 1993 10466 06/13/2017 1 07/24/2013 Books

Black beauty /

APA

Sewell A., . (1993). Black beauty. Australia: Modern Pub. Grp.

Chicago

Sewell Anna, . 1993. Black beauty. Australia: Modern Pub. Grp.

Harvard

Sewell A., . (1993). Black beauty. Australia: Modern Pub. Grp.

MLA

Sewell Anna, . Black beauty. Australia: Modern Pub. Grp. 1993.

  • Place hold
  • Print
  • Cite
  • Add to your cart (remove)
  • Save record
    BIBTEX Dublin Core MARCXML MARC (non-Unicode/MARC-8) MARC (Unicode/UTF-8) MARC (Unicode/UTF-8, Standard) MODS (XML) RIS
  • More searches
    Search for this title in:
    Other Libraries (WorldCat) Other Databases (Google Scholar) Online Stores (Bookfinder.com) Open Library (openlibrary.org)

Exporting to Dublin Core...

SOUTHVILLE LIBRARY

Southville International School and Colleges Library

1281 Tropical Ave. Cor. Luxembourg St., BF Homes International, Las Pinas City

Tel. No. 8256374 / 252358 Loc. 117/146

Powered by Koha